Эрмитажная галерея гравированная штрихами с лучших картин оную составляющих; (Запись № 5135244)
[ простой вид ]
| 000 -МАРКЕР | |
|---|---|
| контрольное поле | 03168nam1a22004811i 4500 |
| 001 - ИДЕНТИФИКАТОР ЗАПИСИ | |
| контрольное поле | v19\rc\2109890 |
| 005 - ИДЕНТИФИКАТОР ВЕРСИИ | |
| контрольное поле | 20260408063532.0 |
| 035 ## - ДРУГИЕ СИСТЕМНЫЕ НОМЕРА | |
| Идентификатор записи | (NLR Aleph) 005181423 |
| 100 ## - ДАННЫЕ ОБЩЕЙ ОБРАБОТКИ | |
| Данные общей обработки | 20090914g18051809m||y0rusy50 ca |
| 101 1# - ЯЗЫК РЕСУРСА | |
| Язык текста, звукозаписи и т.д. | русский |
| -- | французский |
| Язык оригинала | французский |
| 102 ## - СТРАНА ПУБЛИКАЦИИ ИЛИ ПРОИЗВОДСТВА | |
| Страна публикации | Российская Федерация |
| 140 ## - ПОЛЕ КОДИРОВАННЫХ ДАННЫХ: СТАРОПЕЧАТНЫЕ ИЗДАНИЯ - ОБЩАЯ ИНФОРМАЦИЯ | |
| Кодированные данные о старопечатном издании - Основные | ah y e yaa0000 |
| 200 1# - ЗАГЛАВИЕ И СВЕДЕНИЯ ОБ ОТВЕТСТВЕННОСТИ | |
| Основное заглавие | Эрмитажная галерея гравированная штрихами с лучших картин оную составляющих; |
| Первые сведения об ответственности | и сопровождаемая историческим описанием сочиненным Камилем уроженцем женевским. |
| Последующие сведения об ответственности | С французскаго перевел Сергей Глинка. |
| -- | Сие издание удостоено одобрения его императорскаго величества Александра Перваго и издано Ф.И. Лабенским. |
| 210 ## - ПУБЛИКАЦИЯ, РАСПРОСТРАНЕНИЕ И ДР. | |
| Место издания, распространения и т.д. | В Санктпетербурге |
| Имя издателя, распространителя и т. д. | у Алиция, придворнаго книгопродавца, а в Лондоне у Бойделя. |
| -- | печатано в типографии Шнора |
| Дата издания, распространения и т.д. | MDCCCV-[MDCCCIX] [1805-1809] |
| 215 ## - ФИЗИЧЕСКАЯ ХАРАКТЕРИСТИКА | |
| Размеры | 4° |
| 300 ## - ОБЩИЕ ПРИМЕЧАНИЯ | |
| Текст примечания | Ценз.: С дозволения цензуры (тит. л.) |
| 300 ## - ОБЩИЕ ПРИМЕЧАНИЯ | |
| Текст примечания | Текст парал. на рус. и фр. яз. |
| 300 ## - ОБЩИЕ ПРИМЕЧАНИЯ | |
| Текст примечания | Имеется грав. тит. л. т.1 на фр. яз. |
| 300 ## - ОБЩИЕ ПРИМЕЧАНИЯ | |
| Текст примечания | На с.[5-12] т.1 посвящ. Александру I на фр. и рус. яз. В конце рус. текста подпись: Франц Лабенский |
| 300 ## - ОБЩИЕ ПРИМЕЧАНИЯ | |
| Текст примечания | Фронт. т.1 - портр. Екатерины II (с оргинала Лампи) |
| 300 ## - ОБЩИЕ ПРИМЕЧАНИЯ | |
| Текст примечания | Ил. воспроизводят картины, хранящиеся в Эрмитаж. галерее |
| 300 ## - ОБЩИЕ ПРИМЕЧАНИЯ | |
| Текст примечания | Ил. т.1 с подписью: Labensky direx. Sanders sc.; т.1 - Sanders sc. (под одной ил. подпись Chetzky sc.) |
| 620 ## - МЕСТО И ДАТА ПУБЛИКАЦИИ, ИСПОЛНЕНИЯ И Т. Д. | |
| Страна | Санкт-Петербург |
| 702 #1 - ИМЯ ЛИЦА - ВТОРИЧНАЯ ОТВЕТСТВЕННОСТЬ | |
| Начальный элемент ввода | Камиль |
| Код отношения | Составитель |
| 702 #1 - ИМЯ ЛИЦА - ВТОРИЧНАЯ ОТВЕТСТВЕННОСТЬ | |
| Код отношения | Переводчик |
| Материалы, к которым относится поле | rus |
| Графика поля | Кириллица |
| Начальный элемент ввода | Глинка |
| Часть имени, кроме начального элемента ввода | С. Н. |
| Даты | 1776-1847 |
| Расширение инициалов личного имени | Сергей Николаевич |
| Идентификатор авторитетной/нормативной записи | RU\NLR\AUTH\7760601 |
| Системный номер авторитетной/нормативной записи | 43532 |
| 702 #1 - ИМЯ ЛИЦА - ВТОРИЧНАЯ ОТВЕТСТВЕННОСТЬ | |
| Начальный элемент ввода | Лабенский |
| Часть имени, кроме начального элемента ввода | Ф.И. |
| Расширение инициалов личного имени | Франц И. |
| Код отношения | Издатель |
| 702 #1 - ИМЯ ЛИЦА - ВТОРИЧНАЯ ОТВЕТСТВЕННОСТЬ | |
| Код отношения | Печатник (типограф) |
| Графика поля | Кириллица |
| Материалы, к которым относится поле | rus |
| Начальный элемент ввода | Шнор |
| Часть имени, кроме начального элемента ввода | И. К. |
| Даты | 1738-1812 |
| Расширение инициалов личного имени | Иоганн Карл |
| Системный номер авторитетной/нормативной записи | 158235 |
| Идентификатор авторитетной/нормативной записи | RU\NLR\AUTH\770158276 |
| 702 #1 - ИМЯ ЛИЦА - ВТОРИЧНАЯ ОТВЕТСТВЕННОСТЬ | |
| Начальный элемент ввода | Алиций |
| Код отношения | Книготорговец |
| 702 #1 - ИМЯ ЛИЦА - ВТОРИЧНАЯ ОТВЕТСТВЕННОСТЬ | |
| Начальный элемент ввода | Бойдель |
| Код отношения | Книготорговец |
| 702 #0 - ИМЯ ЛИЦА - ВТОРИЧНАЯ ОТВЕТСТВЕННОСТЬ | |
| Код отношения | Объект посвящения |
| Материалы, к которым относится поле | rus |
| Графика поля | Кириллица |
| Начальный элемент ввода | Александр |
| Дополнения к именам, кроме дат | император российский |
| Римские цифры | I |
| Даты | 1777-1825 |
| Идентификатор авторитетной/нормативной записи | RU\NLR\AUTH\775342 |
| Системный номер авторитетной/нормативной записи | 115306 |
| 702 #1 - ИМЯ ЛИЦА - ВТОРИЧНАЯ ОТВЕТСТВЕННОСТЬ | |
| Начальный элемент ввода | Лампи Старший |
| Даты | 1751-1830 |
| Расширение инициалов личного имени | Иоганн Батист |
| 702 #0 - ИМЯ ЛИЦА - ВТОРИЧНАЯ ОТВЕТСТВЕННОСТЬ | |
| Материалы, к которым относится поле | rus |
| Графика поля | Кириллица |
| Начальный элемент ввода | Екатерина |
| Дополнения к именам, кроме дат | императрица российская |
| Римские цифры | II |
| Даты | 1729-1796 |
| Идентификатор авторитетной/нормативной записи | RU\NLR\AUTH\772098 |
| Системный номер авторитетной/нормативной записи | 112115 |
| 702 #1 - ИМЯ ЛИЦА - ВТОРИЧНАЯ ОТВЕТСТВЕННОСТЬ | |
| Связь между полями | z01790 |
| Начальный элемент ввода | Саундерс |
| Даты | 1773-1845 |
| Расширение инициалов личного имени | Джозеф |
| Код отношения | Гравер |
| 702 #1 - ИМЯ ЛИЦА - ВТОРИЧНАЯ ОТВЕТСТВЕННОСТЬ | |
| Начальный элемент ввода | Chetzky |
| Код отношения | Гравер |
| 712 00 - НАИМЕНОВАНИЕ ОРГАНИЗАЦИИ - ВТОРИЧНАЯ ОТВЕТСТВЕННОСТЬ | |
| Код отношения | Печатник (типограф) |
| Начальный элемент ввода | Шнор, |
| Инверсированный элемент | И. K., |
| Часть наименования, отличная от начального элемента ввода и от инверсированного элемента | типография |
| Идентифицирующий признак | Петербург |
| Графика поля | Латинская |
| Идентификатор авторитетной/нормативной записи | RU\NLR\AUTH\8810035686 |
| Системный номер авторитетной/нормативной записи | 569792 |
| 790 #1 - ИМЯ ЛИЦА - АЛЬТЕРНАТИВНАЯ ФОРМА | |
| Связь между полями | z01702 |
| Начальный элемент ввода | Sanders |
| Код отношения | Гравер |
| 801 #0 - ИСТОЧНИК ЗАПИСИ | |
| Страна | Российская Федерация |
| Организация | NLR |
| Правила каталогизации | psbo |
| 801 #1 - ИСТОЧНИК ЗАПИСИ | |
| Страна | Российская Федерация |
| Организация | ProSoft-M |
| Источник данных | rusmarc |
| 852 ## - МЕСТОНАХОЖДЕНИЕ И ШИФР ХРАНЕНИЯ | |
| Идентификатор организации | NLR |
| Шифр хранения (Call Number) | 38.79.1.62-1-2 |
| 852 ## - МЕСТОНАХОЖДЕНИЕ И ШИФР ХРАНЕНИЯ | |
| Идентификатор организации | NLR |
| Шифр хранения (Call Number) | Кр II/2349 (1/1-3, 2/4-6) |
| 942 ## - ДОПОЛНИТЕЛЬНЫЕ ЭЛЕМЕНТЫ ЗАПИСИ (АБИС) | |
| Тип экземпляра АБИС | Книга |
Нет доступных экземпляров.